|
|
|
|
| LEADER |
00000cam a2200000 7i4500 |
| 001 |
0000174834 |
| 005 |
20130415.0 |
| 020 |
|
|
|a 9789830056975
|
| 090 |
0 |
0 |
|a 499.28
|b AZA
|
| 100 |
0 |
|
|a Azahar Bahari
|
| 245 |
1 |
0 |
|a 160 contoh karangan SPM bahasa malaysia
|c Azahar Bahari, Nazli Ali, Nawi Ismail
|
| 260 |
|
|
|a Bangi :
|b Penerbitan Pelangi Sdn. Bhd. ,
|c 2013
|
| 300 |
|
|
|a 431p. ;
|c 23cm.
|
| 650 |
0 |
0 |
|a Malay language
|x Composition and exercises
|x SPM
|
| 700 |
0 |
|
|a Nawi Ismail
|
| 700 |
0 |
|
|a Nazli Ali
|
| 999 |
|
|
|a 00273930
|b BUKU
|c RUJUKAN ULANGKAJI
|e PERPUSTAKAAN KOMUNITI PETALING JAYA
|
| 999 |
|
|
|a 00273931
|b BUKU
|c RUJUKAN ULANGKAJI
|e PERPUSTAKAAN KOMUNITI PETALING JAYA
|
| 999 |
|
|
|a 00273932
|b BUKU
|c RUJUKAN ULANGKAJI
|e PERPUSTAKAAN KOMUNITI PETALING JAYA
|
| 999 |
|
|
|a 00273933
|b BUKU
|c PINJAMAN
|e PERPUSTAKAAN KOMUNITI PETALING JAYA
|
| 999 |
|
|
|a 00273934
|b BUKU
|c PINJAMAN
|e PERPUSTAKAAN KOMUNITI PETALING JAYA
|
| 999 |
|
|
|a 00273935
|b BUKU
|c PINJAMAN
|e PERPUSTAKAAN KOMUNITI PETALING JAYA
|
| 999 |
|
|
|a 00273936
|b BUKU
|c PINJAMAN
|e PERPUSTAKAAN KOMUNITI PETALING JAYA
|
| 999 |
|
|
|a 00275420
|b BUKU
|c PINJAMAN
|e PERPUSTAKAAN KOMUNITI CAW KOTA DAMANSARA
|